Normal view
MARC view
- Lari, Yasmeen
Entry Personal Name
001 - CONTROL NUMBER
- control field: 121382
003 - CONTROL NUMBER IDENTIFIER
- control field: NUST
005 - DATE AND TIME OF LATEST TRANSACTION
- control field: 20240227101042.0
008 - FIXED-LENGTH DATA ELEMENTS
- fixed length control field: 240227|| aca||aabn | a|a d
040 ## - CATALOGING SOURCE
- Original cataloging agency: NUST
- Transcribing agency: NUST
100 ## - HEADING--PERSONAL NAME
- Personal name: Lari, Yasmeen
670 ## - SOURCE DATA FOUND
- Source citation: Work cat.: (NUST): Lari, Yasmeen., Lahore :, 2003.
